Olympischer Medaillenspiegel - Schwimmen - Statistiken

Allgemein
  • Dieses Quiz wurde 172 mal gespielt
    89 seit der letzten Aktualisierung
  • Das Durchschnittsergebnis liegt bei 13 aus 15
Antwortstatistiken
Gesamt Gold Silber Bronze Land % Korrekt
92 38 32 22 DDR
99%
607 265 192 150 Vereinigte Staaten
99%
78 16 25 37 Deutschland
97%
229 76 78 75 Australien
96%
83 24 28 31 Japan
94%
62 19 24 19 China
92%
51 12 17 22 Frankreich
91%
23 5 9 9 Russland
91%
35 7 8 20 Italien
88%
63 12 20 31 Kanada
87%
62 22 21 19 Niederlande
71%
86 21 33 32 Großbritannien
70%
41 11 16 14 Schweden
70%
59 12 21 26 Sowjetunion
68%
81 32 28 21 Ungarn
56%
Keine übereinstimmenden Quizze gefunden
Verteilung der Resultate
Anzahl Personen mit jedem Resultat
Perzentil nach korrekt beantworteten Fragen
Ihre Resultats-Entwicklung
Sie haben dieses Quiz seit der letzten Aktualisierung nicht gespielt